|
|
|
|
| LEADER |
00000nab a2200000 a 4500 |
| 001 |
vtls000018055 |
| 003 |
SK-MaSNL |
| 005 |
20260303030922.0 |
| 008 |
160211c1979 xo 0 slo |
| 015 |
|
|
|a SNBRB19rr/mm-uuuuu
|
| 035 |
|
|
|a CL0028149
|
| 040 |
|
|
|a SNKBUCL
|b slo
|c SNKBUCL
|e AACR2
|
| 041 |
0 |
|
|a slo
|
| 044 |
|
|
|a xo
|c SK
|
| 080 |
|
|
|a 792
|2 1981
|
| 080 |
|
|
|a 92 Štěpánková, Jana
|2 1981
|
| 100 |
1 |
|
|a Štěpánková, Jana,
|d 1934-2018
|4 ive
|9 99331
|
| 245 |
1 |
0 |
|a Diagnóza: herectvo
|c Jana Štěpánková, Nina Litschauerová
|
| 300 |
|
|
|b Obr. 3.
|
| 600 |
1 |
7 |
|a Štěpánková, Jana,
|d 1934-2018
|2 snkbucl
|9 99331
|
| 655 |
|
7 |
|a články z novín a časopisov
|2 snkbucl
|9 267496
|
| 700 |
1 |
|
|a Litschauerová, Nina,
|d 1924-2001
|4 ivr
|9 5081
|
| 773 |
0 |
|
|t Svet socializmu
|g Roč. 28, č. 2 (9. 1. 1979), s. 14-15
|
| 850 |
|
|
|a Slovenská národná knižnica v Martine
|a MTA001
|
| 852 |
|
|
|a SNK
|b KIS3GCP
|
| 958 |
|
|
|a RK
|
| 958 |
|
|
|a CZ
|
| 958 |
|
|
|a SK
|
| 992 |
|
|
|a RBX
|
| 999 |
|
|
|c 1654913
|d 1656843
|